Regionalliga Südwest Teams 2025/26 - Statistiken

Allgemein
  • Dieses Quiz wurde 78 mal gespielt
  • Das Durchschnittsergebnis liegt bei 13 aus 18
Antwortstatistiken
Gründung Team % Korrekt
1973 SGV Freiberg
92%
1904 SC Freiburg II
91%
1901 Kickers Offenbach
89%
1953 TSV Schott Mainz
88%
1899 FSV Frankfurt
84%
1998 KSV Hessen Kassel
84%
1899 Stuttgarter Kickers
84%
1905 SV Eintracht Trier
80%
1908 FC 08 Homburg
77%
1848 TSG Balingen
72%
1994 SG Sonnenhof Großaspach
70%
1929 Bahlinger SC
69%
1995 FC Astoria Walldorf
64%
1920 FC Bayern Alzenau
64%
1916 SV Sandhausen
64%
1905 1.FSV Mainz 05 II
63%
1921 TSV Steinbach Haiger
63%
1965 SG Barockstadt Fulda-Lehnerz
38%
Keine übereinstimmenden Quizze gefunden
Verteilung der Resultate
Anzahl Personen mit jedem Resultat
Perzentil nach korrekt beantworteten Fragen
Ihre Resultats-Entwicklung
Sie haben dieses Quiz noch nicht gespielt